Decir y callar: lenguaje, equidad y poder en la universidad peruana
Gorde:
| Egile Nagusiak: | , |
|---|---|
| Formatua: | Liburua |
| Hizkuntza: | gaztelania |
| Argitaratua: |
Lima
Pontificia Universidad Católica del Perú
2010
|
| Edizioa: | 1a. ed |
| Gaiak: | |
| Etiketak: |
Etiketa erantsi
Etiketarik gabe, Izan zaitez lehena erregistro honi etiketa jartzen!
|
MARC
| LEADER | 00000cam a2200000 a 4500 | ||
|---|---|---|---|
| 001 | UCG7887 | ||
| 003 | CL-VaPUC | ||
| 008 | 111014e20100200PE |||||||||||||||||spa|d | ||
| 020 | |a 9789972429187 | ||
| 082 | 0 | 4 | |a 302.2 |b ZAV |2 21 |
| 100 | 0 | |a Zavala, Virginia |e author |9 558370 | |
| 700 | 0 | |a Córdova, Gavina |e author |9 558371 | |
| 245 | 1 | 0 | |a Decir y callar: lenguaje, equidad y poder en la universidad peruana |
| 250 | |a 1a. ed | ||
| 300 | |a 186 p | ||
| 942 | |c BK | ||
| 945 | |d 20111014 00:00:00 |a dcastane | ||
| 260 | |a Lima |b Pontificia Universidad Católica del Perú |c 2010 | ||
| 650 | 0 | |a Medios de comunicación |9 257206 | |
| 650 | 0 | |a Comunicación oral |9 307769 | |
| 650 | 0 | |a Análisis del discurso |9 256696 | |
| 650 | 0 | |a Tradición oral |9 321175 | |
| 650 | 0 | |a Sociolingüística |9 263716 | |
| 651 | 0 | |a Perú |9 256567 | |
| 583 | |a last modification |c 20111014 14:55:00 |k Rodrigo Vera | ||
| 999 | |c 345575 |d 345573 | ||
| 952 | |0 0 |1 0 |4 0 |6 302_200000000000000_ZAV_2010 |7 0 |8 A |9 444481 |a BIBTEO |b BIBTEO |d 2019-11-22 |i 4791738 |o 302.2 ZAV 2010 |p 4791738 |r 2025-01-17 |w 2019-11-22 |y BK |k ICR | ||